000
00321nam a2200121Ia 4500
005
20251222144632.0
008
251222s9999||||xx |||||||||||||| ||spa||
082
_a
304.698.5/G86
100
_a
Guerrero de los Ríos, Raúl
245
0
_a
La Trampa Urbana, Ideología y Problemas Urbanos:
264
_b
DESCO
942
_c
LIB
999
_c
16344
_d
16344